Visualizzazione normale
Vista MARC
- Josef Seifert
di Personal Name
Records bibliografici associati: 1
001 - CONTROL NUMBER
- control field: 429
003 - CONTROL NUMBER IDENTIFIER
- control field: IT-RoPau
005 - DATE AND TIME OF LATEST TRANSACTION
- control field: 20130215093404.0
008 - FIXED-LENGTH DATA ELEMENTS
- fixed length control field: 130215|| aca||aabn | a|a d
040 ## - CATALOGING SOURCE
- Original cataloging agency: IT-RoPau
- Transcribing agency: IT-RoPau
100 ## - HEADING--PERSONAL NAME
- Personal name: Josef Seifert
670 ## - SOURCE DATA FOUND
- Source citation: Work cat.: (IT-RoPau)36092: Josef Seifert, Essere e persona. Verso una fondazione fenomenologica di una metafisica classica e personal....